Vytvorenie kritérií podobnosti pre nakladače definované v STN ISO 6165 a v STN ISO 7131

Salvato in:
Dettagli Bibliografici
Autore principale: Hudaček, Pavel, 1987- (Autore)
Altri autori: Mazurkievič, Izidor, 1943- (Relatore della tesi)
Natura: Manoscritto Libro
Lingua:slovacco
Pubblicazione: Bratislava : STU v Bratislave SjF, 2010
Soggetti:
Accesso online:VAIS
Tags: Aggiungi Tag
Nessun Tag, puoi essere il primo ad aggiungerne!!

MARC

LEADER 00000ntm a22000003a 4500
001 stu218672
005 20150617230113.3
008 101207s2010----xo------------------slo-d
040 |a STU  |b slo 
041 0 |a slo 
044 |a xo 
100 1 |a Hudaček, Pavel,  |d 1987-  |4 aut  |u J  |T SjF Strojnícka fakulta  |X 49249  |U J  |Y 20  |7 A000049249 
242 0 0 |a Development of standards similar to loaders as defined in STN ISO 6165 and STN ISO 7131   |y eng 
245 1 |a Vytvorenie kritérií podobnosti pre nakladače definované v STN ISO 6165 a v STN ISO 7131 
260 |a Bratislava :  |b STU v Bratislave SjF,  |c 2010 
650 7 |a automobily, lode a spaľovacie motory  |2 stusub 
650 7 |a Automobiles, Ships and Combustion Engines  |2 estusub 
650 7 |a funkčné závislosti  |2 stusub 
700 1 |a Mazurkievič, Izidor,  |d 1943-  |4 ths  |u J0030  |U SjF Strojnícka fakulta  |T SjF Ústav dopravnej techniky a konštruovania  |X 3513  |U J0030  |Y 806  |7 A000003513 
856 4 |a info a plný text  |u http://is.stuba.sk/zp/portal_zp.pl?podrobnosti=47928  |3 VAIS 
996 |b 284J038794  |c J*701/BP  |l JJSK  |s A  |a 24  |w stu218672_0001